ნორმალური ფორმატი
MARC ფორმატი
ჩანაწერი Personal Name
ჩანაწერთა რაოდენობა, რომელიც გამოყენებულია: 1
001 - CONTROL NUMBER
- control field: 9236
003 - CONTROL NUMBER IDENTIFIER
- control field: GE_BSU
005 - DATE AND TIME OF LATEST TRANSACTION
- control field: 20200813173721.0
008 - FIXED-LENGTH DATA ELEMENTS
- fixed length control field: 200813|| aca||aabn | a|a d
040 ## - CATALOGING SOURCE
- Original cataloging agency: GE_BSU
- Transcribing agency: GE_BSU
100 ## - HEADING--PERSONAL NAME
- Personal name: კეჭაღმაძე, ნიკო
- Dates associated with a name:
- Relator term: თარგმანი
670 ## - SOURCE DATA FOUND
- Source citation: Work cat.: (GE_BSU)53247: ილინი, მ. 9234, შავი თეთრზე :
